[Event "Titled Tue 20th May Early"]
[Site "chess.com INT"]
[Date "2025.05.20"]
[Round "7"]
[White "Ugarte Soto, Cesar"]
[Black "Danila, Tudor-Gabriel"]
[Result "1-0"]
[WhiteTitle "CM"]
[BlackTitle "CM"]
[WhiteElo "2088"]
[BlackElo "2178"]
[WhiteFideId "3601331"]
[BlackFideId "1274244"]
[EventDate "2025.05.20"]

1. d4 g6 2. Bf4 Bg7 3. e3 d6 4. Nf3 Nf6 5. h3 O-O 6. Be2 c6 7. c3 Qc7 8. O-O
Nbd7 9. Nbd2 Re8 10. Qb3 e5 11. dxe5 dxe5 12. Bh2 Nc5 13. Qa3 Bf8 14. b4 Ncd7
15. Qb3 a5 16. a3 a4 17. Qa2 b5 18. c4 bxc4 19. Bxc4 Nb6 20. Be2 Bd6 21. Rac1
Be6 22. Qc2 Rac8 23. Rfd1 Qb7 24. Bxe5 Bxe5 25. Nxe5 Bxh3 26. Nec4 Bf5 27. Qb2
Nxc4 28. Nxc4 Rcd8 29. Qxf6 Rxd1+ 30. Rxd1 Qb5 31. Nd6 Qxe2 32. Qxf7+ Kh8 33.
Qxe8+ Kg7 34. Qf7+ Kh6 35. Nxf5+ gxf5 36. Rd6+ Kg5 37. Qg7+ Kh4 38. Rh6+ Qh5 39.
g3+ Kh3 40. Rxh5# 1-0

[Event "Titled Tue 20th May Early"]
[Site "chess.com INT"]
[Date "2025.05.20"]
[Round "7"]
[White "Kosakowski, Jakub"]
[Black "Barria Zuniga, Daniel"]
[Result "1-0"]
[WhiteTitle "GM"]
[BlackTitle "IM"]
[WhiteElo "2530"]
[BlackElo "2341"]
[WhiteFideId "1185080"]
[BlackFideId "3400816"]
[EventDate "2025.05.20"]

1. e4 c5 2. Nf3 Nc6 3. Bc4 e6 4. O-O d5 5. Bb5 Nf6 6. e5 Nd7 7. Bxc6 bxc6 8. Re1
g5 9. d3 g4 10. Nfd2 h5 11. Nf1 Rb8 12. b3 f5 13. Bf4 a5 14. Nc3 Rb4 15. Bd2 Bg7
16. Na4 Bxe5 17. Bxb4 axb4 18. Nxc5 Qf6 19. d4 Bxd4 20. Rxe6+ Qxe6 21. Nxe6 Bxa1
22. Qxa1 1-0

[Event "Titled Tue 20th May Early"]
[Site "chess.com INT"]
[Date "2025.05.20"]
[Round "7"]
[White "Anakok, Deniz"]
[Black "Jedryczka, Krystian"]
[Result "1-0"]
[WhiteTitle "CM"]
[WhiteElo "2058"]
[BlackElo "2084"]
[WhiteFideId "51603586"]
[BlackFideId "1109472"]
[EventDate "2025.05.20"]

1. e4 e5 2. Nf3 Nc6 3. Nc3 Nf6 4. d4 exd4 5. Nxd4 Bb4 6. Nxc6 bxc6 7. Bd3 d5 8.
exd5 cxd5 9. O-O O-O 10. Bg5 c6 11. Qf3 Be7 12. Rae1 h6 13. Bf4 Bg4 14. Qg3 Qd7
15. h3 Nh5 16. Qxg4 Qxg4 17. hxg4 Nxf4 18. Rxe7 a5 19. g3 Nh3+ 20. Kg2 Ng5 21.
Rfe1 a4 22. f4 Ne6 23. Bf5 Nd4 24. Ne2 Nb5 25. Bd3 Rfb8 26. Bxb5 Rxb5 27. b3
axb3 28. axb3 c5 29. Nc3 Rbb8 30. Nxd5 Ra2 31. Re8+ Rxe8 32. Rxe8+ Kh7 33. Re2
Kg6 34. Kf3 h5 35. gxh5+ Kxh5 36. g4+ Kg6 37. Ne7+ Kf6 38. Nc6 g6 39. Ne5 Ra1
40. Nd7+ Kg7 41. Nxc5 Rf1+ 42. Rf2 Rg1 43. b4 Rb1 44. c3 Kf6 45. Ke4 Ke7 46. Kd5
Kd8 47. Kc6 Rc1 48. Rf3 Kc8 49. Re3 Kd8 50. b5 Rb1 51. b6 Rd1 52. b7 Rd6+ 53.
Kxd6 1-0

[Event "Titled Tue 20th May Early"]
[Site "chess.com INT"]
[Date "2025.05.20"]
[Round "7"]
[White "Aghaei, Alireza"]
[Black "Dilmukhametov, Artur"]
[Result "1-0"]
[WhiteTitle "CM"]
[BlackTitle "FM"]
[WhiteElo "2204"]
[BlackElo "2276"]
[WhiteFideId "12509914"]
[BlackFideId "24179922"]
[EventDate "2025.05.20"]

1. d4 Nf6 2. Nc3 g6 3. e4 d6 4. f3 Bg7 5. Be3 O-O 6. Qd2 c5 7. dxc5 dxc5 8. Qxd8
Rxd8 9. Bxc5 Nc6 10. Bb5 Nd7 11. Ba3 Nd4 12. O-O-O Nxb5 13. Nxb5 Kf8 14. Nc7 Rb8
15. Nd5 Kg8 16. Bxe7 Re8 17. Bd6 b6 18. Bxb8 Nxb8 19. Ne7+ Kf8 20. Nxc8 Rxc8 21.
Ne2 Na6 22. c3 b5 23. a3 b4 24. axb4 Nxb4 25. Kb1 Na6 26. Rd7 Nc5 27. Rxa7 Rd8
28. Kc2 Rb8 29. Rha1 1-0

[Event "Titled Tue 20th May Early"]
[Site "chess.com INT"]
[Date "2025.05.20"]
[Round "7"]
[White "Tan, Jun Ying"]
[Black "Waldhausen Gordon, Frederick"]
[Result "1-0"]
[WhiteTitle "FM"]
[BlackTitle "FM"]
[WhiteElo "2414"]
[BlackElo "2397"]
[WhiteFideId "5710413"]
[BlackFideId "2409143"]
[EventDate "2025.05.20"]

1. c4 e6 2. Nf3 d5 3. g3 Nf6 4. Bg2 dxc4 5. Qa4+ Nbd7 6. Qxc4 a6 7. Qc2 c5 8.
Nc3 Ra7 9. O-O b5 10. a4 b4 11. Nd1 Bb7 12. Ne3 Be7 13. Nc4 O-O 14. d3 Nd5 15.
Bd2 N7b6 16. Nfe5 Nxc4 17. Nxc4 Bf6 18. a5 Bc6 19. Rac1 Bb5 20. e4 Ne7 21. e5
Bxc4 22. exf6 Bxd3 23. fxe7 Rxe7 24. Qxc5 Bxf1 25. Bxb4 Rd7 26. Bxf1 Re8 27.
Bxa6 Rd5 28. Qc2 h5 29. Bf1 h4 30. a6 hxg3 31. hxg3 Rh5 32. a7 Qa8 33. Qc6 1-0

[Event "Titled Tue 20th May Early"]
[Site "chess.com INT"]
[Date "2025.05.20"]
[Round "7"]
[White "Vasquez Schroeder, Rodrigo"]
[Black "Moghaddamian, Afshin"]
[Result "0-1"]
[WhiteTitle "GM"]
[BlackTitle "CM"]
[WhiteElo "2446"]
[BlackElo "2126"]
[WhiteFideId "3400042"]
[BlackFideId "12503886"]
[EventDate "2025.05.20"]

1. e4 c6 2. d4 d5 3. exd5 cxd5 4. c4 Nf6 5. Nc3 Nc6 6. Bg5 a6 7. Bxf6 exf6 8.
cxd5 Nb4 9. Bc4 Bf5 10. Qa4+ b5 11. Nxb5 Bd7 12. Qb3 axb5 13. Be2 Qa5 14. Kf1
Bd6 15. Qe3+ Kf8 16. Qd2 Nxd5 17. Qd1 Be6 18. Bf3 Rc8 19. Ne2 g6 20. h4 h5 21.
g3 Kg7 22. Kg2 Qa4 23. b3 Qa3 24. Qd2 Qb4 25. Qd3 Rhe8 26. Rac1 Rxc1 27. Rxc1
Bf5 28. Qd1 Be4 29. Bxe4 Rxe4 30. Qd3 f5 31. Rc6 Be7 32. Qd1 Bf6 33. Kh2 Qe7 34.
Rc2 f4 35. Qd3 Nb4 0-1

[Event "Titled Tue 20th May Early"]
[Site "chess.com INT"]
[Date "2025.05.20"]
[Round "7"]
[White "Fieberg, Samuel"]
[Black "Newansa, M Esandi"]
[Result "1-0"]
[WhiteTitle "FM"]
[BlackTitle "WCM"]
[WhiteElo "2157"]
[BlackElo "1947"]
[WhiteFideId "12901717"]
[BlackFideId "9999060"]
[EventDate "2025.05.20"]

1. Nc3 d5 2. Nb1 Nf6 3. Nc3 c5 4. Nb1 Nc6 5. e3 Bf5 6. b3 e6 7. Bb2 Be7 8. Nf3
h6 9. Be2 O-O 10. d4 Rc8 11. c3 Ne4 12. Nbd2 Bh7 13. Nxe4 dxe4 14. Nd2 cxd4 15.
exd4 Bg5 16. Nf1 f5 17. Bc4 Qd6 18. a4 Kh8 19. Ba3 Qf4 20. g3 Qc7 21. Bxf8 Rxf8
22. h4 Bf6 23. Bxe6 Re8 24. Bc4 Na5 25. Qe2 Rc8 26. Ne3 a6 27. Rc1 Nxc4 28. Qxc4
Qd7 29. Qd5 Qxd5 30. Nxd5 Bxd4 31. O-O Bc5 32. b4 Bd6 33. c4 Bg8 34. Nb6 Rc6 35.
c5 Bc7 36. b5 axb5 37. axb5 Rg6 38. Na8 Be5 39. c6 bxc6 40. bxc6 Be6 41. c7 Bc8
42. Rfd1 Kh7 43. Rd8 f4 44. Rxc8 fxg3 45. Rh8+ Kxh8 46. c8=Q+ Kh7 47. Qf5 gxf2+
48. Kxf2 Bd4+ 49. Ke2 h5 50. Qxh5+ Rh6 51. Qf5+ g6 52. Rc7+ Bg7 53. Rxg7+ Kxg7
54. Qd7+ Kf6 55. Qd8+ Kf5 56. Qg5+ 1-0

[Event "Titled Tue 20th May Early"]
[Site "chess.com INT"]
[Date "2025.05.20"]
[Round "7"]
[White "Bruhovich, Olexandr"]
[Black "Bratovic, Blaz"]
[Result "0-1"]
[WhiteTitle "CM"]
[BlackTitle "IM"]
[WhiteElo "2208"]
[BlackElo "2319"]
[WhiteFideId "14119919"]
[BlackFideId "14603551"]
[EventDate "2025.05.20"]

1. e4 c5 2. c3 d5 3. exd5 Qxd5 4. Nf3 Nf6 5. d4 Bf5 6. Be2 Bxb1 7. Qa4+ Nc6 8.
Rxb1 cxd4 9. Nxd4 e5 10. Nb5 Qxg2 11. Rf1 Rc8 12. Be3 Be7 13. f3 O-O 14. Rf2
Qg1+ 15. Rf1 Qxe3 0-1

[Event "Titled Tue 20th May Early"]
[Site "chess.com INT"]
[Date "2025.05.20"]
[Round "7"]
[White "Harsha, Bharathakoti"]
[Black "Toktomushev, Teimur"]
[Result "1-0"]
[WhiteTitle "GM"]
[BlackTitle "FM"]
[WhiteElo "2532"]
[BlackElo "2398"]
[WhiteFideId "5078776"]
[BlackFideId "14176726"]
[EventDate "2025.05.20"]

1. c4 e6 2. Nf3 d5 3. g3 Nf6 4. Bg2 Be7 5. O-O O-O 6. b3 c5 7. cxd5 Nxd5 8. Bb2
Nc6 9. d4 cxd4 10. Nxd4 Nxd4 11. Qxd4 Bf6 12. Qd2 Nf4 13. gxf4 Qxd2 14. Nxd2
Bxb2 15. Rad1 Bf6 16. Nc4 Rb8 17. Ne5 Bxe5 18. fxe5 b6 19. Rd6 Ba6 20. Bf3 Rfd8
21. Rc1 Rdc8 22. Rxc8+ Rxc8 23. Rd7 g6 24. Rxa7 Bb5 25. a4 Bc6 26. Ra6 Bxf3 27.
exf3 Rb8 28. Kg2 Kf8 29. Ra7 Rc8 30. Rb7 Rc6 31. Kg3 Kg7 32. Kf4 h6 33. h4 1-0

[Event "Titled Tue 20th May Early"]
[Site "chess.com INT"]
[Date "2025.05.20"]
[Round "7"]
[White "Bespalov, Elisei"]
[Black "Scheglov, Gleb"]
[Result "0-1"]
[BlackTitle "FM"]
[WhiteElo "2303"]
[BlackElo "2318"]
[WhiteFideId "34251928"]
[BlackFideId "34356266"]
[EventDate "2025.05.20"]

1. Nf3 d5 2. g3 g6 3. Bg2 Bg7 4. O-O Nf6 5. d3 O-O 6. Nbd2 Nc6 7. e4 dxe4 8.
dxe4 a5 9. Re1 Nd7 10. Nc4 b5 11. Ne3 Nc5 12. Qd5 Qxd5 13. Nxd5 Bg4 14. Nxc7
Rab8 15. Be3 Na4 16. c3 Nxb2 17. Nd4 Nxd4 18. cxd4 Nc4 19. Nd5 Rb7 20. Rab1 Be6
21. e5 Na3 22. Rbc1 Ra7 23. Rc7 Rxc7 24. Nxc7 Bc4 25. d5 Bxe5 26. Bb6 Bd6 27.
Bxa5 Nc2 28. Rc1 Nd4 29. Kh1 Rc8 30. Na6 Ra8 31. Bb6 Ne2 32. Re1 Rxa6 33. Bd4
Nxd4 0-1

[Event "Titled Tue 20th May Early"]
[Site "chess.com INT"]
[Date "2025.05.20"]
[Round "7"]
[White "Alvarez Leon, Luis"]
[Black "Korkmaz, Necmettin"]
[Result "1-0"]
[WhiteTitle "FM"]
[BlackTitle "CM"]
[WhiteElo "2178"]
[BlackElo "2059"]
[WhiteFideId "3600351"]
[BlackFideId "6303285"]
[EventDate "2025.05.20"]

1. Nf3 d5 2. d4 Nf6 3. c4 c6 4. Nc3 dxc4 5. a4 Bf5 6. Ne5 e6 7. Nxc4 Nbd7 8. g3
Bb4 9. Bg2 O-O 10. O-O Nb6 11. Ne5 Nbd5 12. Bd2 a5 13. Re1 Bxc3 14. bxc3 Ne4 15.
f3 Nxd2 16. Qxd2 Bg6 17. e4 Nf6 18. Qe3 Nd7 19. Nc4 Nb6 20. Ne5 Nd7 21. Nxg6
hxg6 22. f4 Qc7 23. Rab1 Rfb8 24. g4 b5 25. f5 bxa4 26. fxe6 fxe6 27. e5 a3 28.
Ra1 Nb6 29. Qg5 Qd7 30. Qxg6 Qf7 31. Qe4 Nd5 32. Rf1 Qe7 33. c4 Nb4 34. Qg6 Rf8
35. Be4 Rxf1+ 36. Rxf1 Qh4 37. Qxe6+ Kh8 38. Qf5 a2 39. Qf8+ Rxf8 40. Rxf8# 1-0

[Event "Titled Tue 20th May Early"]
[Site "chess.com INT"]
[Date "2025.05.20"]
[Round "7"]
[White "Harsh, Suresh"]
[Black "Khamdamova, Afruza"]
[Result "0-1"]
[WhiteTitle "IM"]
[BlackTitle "WIM"]
[WhiteElo "2392"]
[BlackElo "2344"]
[WhiteFideId "45018464"]
[BlackFideId "14210444"]
[EventDate "2025.05.20"]

1. b3 e5 2. Bb2 Nc6 3. c4 Nf6 4. Nf3 d6 5. e3 e4 6. Nd4 Nxd4 7. Bxd4 Be7 8. Nc3
c5 9. Bxf6 Bxf6 10. Rc1 Bxc3 11. Rxc3 O-O 12. d3 d5 13. cxd5 Qxd5 14. Qc2 exd3
15. Bxd3 Qxg2 16. Bxh7+ Kh8 17. Be4 Qh3 18. Rxc5 Bg4 19. Bf5 Rad8 20. Bxg4 Qxg4
21. Rc4 Qh5 22. O-O Rd6 23. Qe4 Rh6 24. Qf4 Re8 25. Kh1 Ree6 26. Rg1 Kh7 27. Rg3
Qxh2# 0-1

[Event "Titled Tue 20th May Early"]
[Site "chess.com INT"]
[Date "2025.05.20"]
[Round "7"]
[White "Toncheva, Nadya"]
[Black "Rozum, Ivan"]
[Result "0-1"]
[WhiteTitle "FM"]
[BlackTitle "GM"]
[WhiteElo "2332"]
[BlackElo "2439"]
[WhiteFideId "2924056"]
[BlackFideId "24104272"]
[EventDate "2025.05.20"]

1. e4 c6 2. d4 d5 3. Nc3 dxe4 4. Nxe4 Nf6 5. Nxf6+ exf6 6. c3 Bd6 7. Bd3 O-O 8.
Ne2 Re8 9. O-O Nd7 10. Ng3 Nf8 11. f4 c5 12. d5 Qc7 13. f5 c4 14. Bc2 Nd7 15.
Nh5 Qc5+ 16. Kh1 Bf8 17. Bf4 b5 18. Qg4 Kh8 19. Rad1 Bb7 20. Rf3 Ne5 21. Bxe5
Rxe5 22. Nxf6 gxf6 23. Rg3 Bh6 24. Qh5 Rae8 25. Rf1 Re1 26. Rf3 Rxf1+ 27. Rxf1
Qf2 0-1

[Event "Titled Tue 20th May Early"]
[Site "chess.com INT"]
[Date "2025.05.20"]
[Round "7"]
[White "Khandhadia, Nivaan Rathin"]
[Black "Alcazar Jimenez, Jesus Alberto"]
[Result "0-1"]
[BlackTitle "FM"]
[WhiteElo "2112"]
[BlackElo "2141"]
[WhiteFideId "25753274"]
[BlackFideId "2209756"]
[EventDate "2025.05.20"]

1. d4 Nf6 2. c4 c5 3. d5 b5 4. cxb5 a6 5. e3 d6 6. Nc3 g6 7. Nf3 Bg7 8. Bd3 O-O
9. O-O axb5 10. Bxb5 Ba6 11. Qe2 Bxb5 12. Qxb5 Nbd7 13. e4 Qc7 14. Re1 Rfb8 15.
Qd3 Ng4 16. Qd2 Nge5 17. Nxe5 Nxe5 18. b3 c4 19. Bb2 cxb3 20. axb3 Rxa1 21. Rxa1
Rxb3 22. Ra8+ Rb8 23. Nb5 Qb7 24. Rxb8+ Qxb8 25. Nd4 Nc4 26. Qc2 Qxb2 27. Qxc4
Qxd4 28. Qc8+ Bf8 29. h3 Qxe4 30. Qc6 h5 31. Qa8 Kg7 32. Qa2 e6 33. Qa1+ e5 34.
Qa5 Qd4 35. Qb5 e4 36. Qb3 Be7 37. Kf1 Bh4 38. g3 Bf6 39. Ke2 Be5 0-1

[Event "Titled Tue 20th May Early"]
[Site "chess.com INT"]
[Date "2025.05.20"]
[Round "7"]
[White "Starosta, Martyna"]
[Black "Montano Vicente, Guadalupe"]
[Result "1-0"]
[WhiteTitle "WFM"]
[WhiteElo "2182"]
[BlackElo "1940"]
[WhiteFideId "21818754"]
[BlackFideId "5181399"]
[EventDate "2025.05.20"]

1. e4 c5 2. Nf3 d6 3. d4 cxd4 4. Nxd4 Nf6 5. Nc3 a6 6. Bg5 e6 7. f4 h6 8. Bh4
Qb6 9. a3 Be7 10. Bf2 Qc7 11. Qd2 b5 12. Be2 Bb7 13. Bf3 Nbd7 14. O-O-O Nc5 15.
Rhe1 Rc8 16. e5 Bxf3 17. Nxf3 dxe5 18. Nxe5 O-O 19. g4 Rfd8 20. Qe3 Nd5 21. Nxd5
Rxd5 22. Rxd5 exd5 23. g5 d4 24. Qh3 Ne4 25. Re2 Nxf2 26. Rxf2 hxg5 27. fxg5 Bd6
28. Nxf7 Bf4+ 29. Kb1 Kxf7 30. Qf5+ Kg8 31. Rxf4 d3 32. Qe6+ Kh7 33. Rh4# 1-0

[Event "Titled Tue 20th May Early"]
[Site "chess.com INT"]
[Date "2025.05.20"]
[Round "7"]
[White "Ahmad, Khagan"]
[Black "Puzyrevsky, Semyon"]
[Result "1-0"]
[WhiteTitle "IM"]
[BlackTitle "FM"]
[WhiteElo "2405"]
[BlackElo "2253"]
[WhiteFideId "13431552"]
[BlackFideId "24240931"]
[EventDate "2025.05.20"]

1. Nf3 Nf6 2. c4 b6 3. g3 Bb7 4. Bg2 g6 5. O-O Bg7 6. d4 O-O 7. d5 e6 8. Nc3
exd5 9. cxd5 Re8 10. Re1 c6 11. dxc6 dxc6 12. Qxd8 Rxd8 13. e4 c5 14. e5 Nfd7
15. Bg5 Re8 16. Nb5 h6 17. Nd6 hxg5 18. Nxe8 g4 19. Ng5 Bxg2 20. Kxg2 Bxe5 21.
Rxe5 Nc6 22. Rd5 Nde5 23. Nd6 f6 24. Nge4 Kg7 25. Rad1 Rh8 26. Nb5 Nb4 27. Rd7+
Nxd7 28. Rxd7+ Kh6 29. Nxf6 Kg5 30. Ne4+ Kf5 31. Re7 g5 32. Nbd6+ Kg6 33. Re6+
Kg7 34. Nf5+ Kf7 35. Nxg5+ Kf8 36. Re7 Rh5 37. Rf7+ Kg8 38. Rg7+ 1-0

[Event "Titled Tue 20th May Early"]
[Site "chess.com INT"]
[Date "2025.05.20"]
[Round "7"]
[White "Naroditsky, Daniel"]
[Black "Gabrielian, Artur"]
[Result "1-0"]
[WhiteTitle "GM"]
[BlackTitle "GM"]
[WhiteElo "2619"]
[BlackElo "2419"]
[WhiteFideId "2026961"]
[BlackFideId "4131002"]
[EventDate "2025.05.20"]

1. d4 Nf6 2. Nc3 d5 3. Bf4 e6 4. Nb5 Na6 5. e3 Be7 6. Nf3 O-O 7. h4 c6 8. Nc3 c5
9. Bxa6 bxa6 10. h5 h6 11. Ne5 Qb6 12. Na4 Qb5 13. Nxc5 Bxc5 14. dxc5 Qxc5 15.
c3 a5 16. Qd4 Qb5 17. O-O-O a4 18. f3 Rb8 19. Rd2 Ba6 20. g4 Rfc8 21. Rg1 a3 22.
b3 Rxc3+ 23. Qxc3 Rc8 24. Qxc8+ Bxc8 25. Kb1 Ba6 26. Rc1 d4 27. e4 d3 28. Rxd3
Qa5 29. Rdc3 Be2 30. Rc8+ Kh7 31. Nxf7 Bd3+ 32. Ka1 Ng8 33. g5 Ne7 34. Rh8# 1-0

[Event "Titled Tue 20th May Early"]
[Site "chess.com INT"]
[Date "2025.05.20"]
[Round "7"]
[White "Banh Gia Huy"]
[Black "Ostensen, Nicolai Maxime"]
[Result "1-0"]
[WhiteTitle "IM"]
[BlackTitle "FM"]
[WhiteElo "2425"]
[BlackElo "2283"]
[WhiteFideId "12424714"]
[BlackFideId "1546970"]
[EventDate "2025.05.20"]

1. e4 e5 2. Nf3 Nc6 3. Bc4 Nf6 4. d4 exd4 5. e5 d5 6. Bb5 Ne4 7. Nxd4 Bd7 8.
Bxc6 bxc6 9. O-O Nc5 10. Nc3 Ne6 11. Nxe6 fxe6 12. Qg4 Qe7 13. Be3 c5 14. Bg5
Qf7 15. f4 c4 16. Kh1 Rb8 17. Nxd5 Bc8 18. Ne3 Rxb2 19. f5 h6 20. Qd4 hxg5 21.
Qxb2 Qh5 22. h3 Bc5 23. Qb5+ 1-0

[Event "Titled Tue 20th May Early"]
[Site "chess.com INT"]
[Date "2025.05.20"]
[Round "7"]
[White "Ndirangu, Nyaruai, Joyce"]
[Black "Popovic, Dobrivoj"]
[Result "0-1"]
[WhiteTitle "WCM"]
[BlackTitle "CM"]
[WhiteElo "1933"]
[BlackElo "1945"]
[WhiteFideId "10802886"]
[BlackFideId "907103"]
[EventDate "2025.05.20"]

1. d4 Nf6 2. Bf4 c5 3. e3 d5 4. c3 Nc6 5. Nf3 Bf5 6. Nbd2 Qb6 7. Qb3 c4 8. Qxb6
axb6 9. Be2 b5 10. O-O b4 11. Ne5 e6 12. f3 Nxe5 13. dxe5 Nh5 14. Bg5 Bc5 15.
Kf2 h6 16. Bh4 g5 17. Bg3 Nxg3 18. hxg3 bxc3 19. bxc3 Ra3 20. Nb1 Bxb1 21. Rfxb1
Rxc3 22. Rxb7 O-O 23. f4 Bxe3+ 24. Kf1 gxf4 25. gxf4 Bxf4 26. a4 d4 27. a5 d3
28. Bf3 d2 29. Rab1 Rxf3+ 30. gxf3 c3 31. Rc7 Bxe5 32. a6 Bxc7 0-1

[Event "Titled Tue 20th May Early"]
[Site "chess.com INT"]
[Date "2025.05.20"]
[Round "7"]
[White "Ostanin, Vadim"]
[Black "Ochedzan, Filip"]
[Result "1-0"]
[WhiteTitle "FM"]
[BlackTitle "CM"]
[WhiteElo "2317"]
[BlackElo "2130"]
[WhiteFideId "24125016"]
[BlackFideId "21892610"]
[EventDate "2025.05.20"]

1. b4 d5 2. Bb2 Nf6 3. a3 Bf5 4. e3 e6 5. Nf3 Be7 6. c4 c6 7. Nc3 O-O 8. Be2
Nbd7 9. O-O e5 10. cxd5 cxd5 11. Rc1 Rc8 12. d3 Re8 13. Qb3 Be6 14. Ng5 Qb6 15.
Nxe6 Qxe6 16. Nb5 Qb6 17. Nc3 Qe6 18. Bf3 Nb6 19. Nb5 Qd7 20. a4 a6 21. Nc3 Qd6
22. a5 Nbd7 23. Nxd5 Nf8 24. Nxf6+ Bxf6 25. Bxb7 Rb8 26. Bd5 Rxb4 27. Bxf7+ Kh8
28. Ba3 Rxb3 29. Bxd6 Rd8 30. Bxf8 Rxf8 31. Bxb3 1-0

[Event "Titled Tue 20th May Early"]
[Site "chess.com INT"]
[Date "2025.05.20"]
[Round "7"]
[White "Ilinca, Felix-Antonio"]
[Black "Badacsonyi, Stanley"]
[Result "1-0"]
[WhiteTitle "IM"]
[BlackTitle "FM"]
[WhiteElo "2420"]
[BlackElo "2289"]
[WhiteFideId "54764998"]
[BlackFideId "486973"]
[EventDate "2025.05.20"]

1. d4 Nf6 2. Nc3 d5 3. Bf4 e6 4. Nb5 Na6 5. e3 Be7 6. Nf3 O-O 7. h4 c6 8. Nc3 c5
9. h5 Qb6 10. a3 Bd7 11. Rb1 Rac8 12. h6 g6 13. Ne5 Be8 14. Be2 cxd4 15. exd4
Nb8 16. O-O Nc6 17. Nxc6 bxc6 18. b4 a5 19. Na4 Qd8 20. bxa5 Qxa5 21. Nb6 Bd7
22. Nxc8 Rxc8 23. Rb7 Qxa3 24. Qa1 Qxa1 25. Rxa1 Bd8 26. Raa7 Be8 27. Ba6 c5 28.
Rxf7 Bxf7 29. Bxc8 cxd4 30. Bg5 Kf8 31. Ba6 Be8 32. Ra8 Be7 33. Bxf6 Bxf6 34.
Bb5 1-0

[Event "Titled Tue 20th May Early"]
[Site "chess.com INT"]
[Date "2025.05.20"]
[Round "7"]
[White "Khafizova, Diana"]
[Black "Grot, Blazej"]
[Result "0-1"]
[WhiteTitle "WFM"]
[BlackTitle "CM"]
[WhiteElo "2073"]
[BlackElo "2217"]
[WhiteFideId "34378049"]
[BlackFideId "21835845"]
[EventDate "2025.05.20"]

1. Nf3 Nf6 2. g3 e6 3. Bg2 d5 4. O-O Nc6 5. d4 Bd6 6. c4 O-O 7. Nc3 dxc4 8. e4
Be7 9. h3 a6 10. a4 Nb4 11. Be3 Nd3 12. Qe2 c5 13. b3 cxd4 14. Bxd4 e5 15. Be3
Be6 16. Rfd1 Qa5 17. Nd5 Nxd5 18. exd5 Bxd5 19. bxc4 Bxc4 20. Qc2 Rac8 21. Rxd3
e4 22. Rc3 Bd3 23. Rxc8 Bxc2 24. Rxf8+ Bxf8 25. Nd4 Bd3 26. Rc1 Qxa4 27. Rc8 Qd7
28. Ra8 f6 29. Nb3 Kf7 30. Ra7 Qb5 31. Nd4 Qb1+ 32. Kh2 Bc5 33. Ra8 Qb2 34. Nf5
Bxe3 35. Nxe3 Qxf2 36. Ng4 Qb2 37. Rc8 h5 38. Rc7+ Kg6 39. Ne3 Qe5 40. Rxb7 h4 0-1

[Event "Titled Tue 20th May Early"]
[Site "chess.com INT"]
[Date "2025.05.20"]
[Round "7"]
[White "Coe, William"]
[Black "Koridze, Lile"]
[Result "0-1"]
[BlackTitle "WFM"]
[WhiteElo "2078"]
[BlackElo "2110"]
[WhiteFideId "30913624"]
[BlackFideId "13612514"]
[EventDate "2025.05.20"]

1. e4 c5 2. Nf3 d6 3. d4 cxd4 4. Nxd4 Nf6 5. Nc3 a6 6. h3 e5 7. Nde2 Be7 8. g4
h6 9. Bg2 Be6 10. O-O Nbd7 11. Ng3 O-O 12. Nd5 Rc8 13. b3 b5 14. a4 Bxd5 15.
exd5 Qc7 16. axb5 axb5 17. Ra2 b4 18. Nf5 Nc5 19. Bd2 Rb8 20. Qe1 Rfc8 21. Bxb4
Bf8 22. Bd2 Qb7 23. g5 hxg5 24. Bxg5 Nxd5 25. Ne3 e4 26. Nxd5 Qxd5 27. c4 Qxg5
28. Kh1 Rxb3 29. Rg1 Qh4 30. f4 0-1

[Event "Titled Tue 20th May Early"]
[Site "chess.com INT"]
[Date "2025.05.20"]
[Round "7"]
[White "Tologon tegin, Semetei"]
[Black "Nagare Kaivalya Sandip"]
[Result "0-1"]
[WhiteTitle "IM"]
[BlackTitle "FM"]
[WhiteElo "2313"]
[BlackElo "2321"]
[WhiteFideId "13800574"]
[BlackFideId "25957929"]
[EventDate "2025.05.20"]

1. d4 Nf6 2. c4 e6 3. Nc3 Bb4 4. Bd2 O-O 5. a3 Be7 6. e4 d6 7. f4 c5 8. dxc5
dxc5 9. e5 Nfd7 10. Qc2 Nc6 11. Nf3 Nd4 12. Nxd4 cxd4 13. Ne4 b6 14. Bd3 Bb7 15.
O-O Rc8 16. b4 h6 17. Rf3 f5 18. exf6 Nxf6 19. Re1 Qc7 20. Nxf6+ Rxf6 21. Rf2
Bd6 22. Qd1 e5 23. fxe5 Rxf2 24. exd6 Rxg2+ 25. Kf1 Qf7+ 0-1

[Event "Titled Tue 20th May Early"]
[Site "chess.com INT"]
[Date "2025.05.20"]
[Round "7"]
[White "Carlsson, Ludvig"]
[Black "Leschinsky, Gary"]
[Result "1-0"]
[WhiteTitle "IM"]
[WhiteElo "2374"]
[BlackElo "1992"]
[WhiteFideId "1727010"]
[BlackFideId "30951321"]
[EventDate "2025.05.20"]

1. e4 c5 2. Nf3 e6 3. d4 cxd4 4. Nxd4 a6 5. h3 Qc7 6. Bd3 Bc5 7. Nf3 d6 8. O-O
Nc6 9. a3 Nf6 10. b4 Ba7 11. Bb2 e5 12. c4 h6 13. Nc3 Be6 14. Nd5 Qd8 15. Rc1
O-O 16. Qe2 Rc8 17. Rfe1 Nd7 18. Ne3 Nd4 19. Nxd4 Bxd4 20. Bxd4 exd4 21. Nc2 Qf6
22. Red1 Rc7 23. Qf3 Qxf3 24. gxf3 Bxc4 25. Nxd4 Rfc8 26. Nf5 Bxd3 27. Ne7+ Kf8
28. Nxc8 Rxc1 29. Rxc1 Ne5 30. Rc3 Nxf3+ 31. Kg2 Ne1+ 32. Kg3 f5 33. exf5 Bxf5
34. Nxd6 Be6 35. Re3 1-0

[Event "Titled Tue 20th May Early"]
[Site "chess.com INT"]
[Date "2025.05.20"]
[Round "7"]
[White "Christie, Joshua"]
[Black "Reshetnikov, Alexey"]
[Result "0-1"]
[WhiteTitle "FM"]
[BlackTitle "IM"]
[WhiteElo "2213"]
[BlackElo "2492"]
[WhiteFideId "7402074"]
[BlackFideId "4162080"]
[EventDate "2025.05.20"]

1. Nf3 d5 2. b3 Nf6 3. Bb2 e6 4. g3 Be7 5. Bg2 O-O 6. O-O b6 7. c4 Bb7 8. cxd5
Nxd5 9. Nc3 c5 10. Nxd5 Bxd5 11. d4 Bf6 12. Qd2 cxd4 13. Rad1 Nc6 14. Nxd4 Bxg2
15. Kxg2 Nxd4 16. Bxd4 Qd5+ 17. Kg1 Rfd8 18. Be3 Qe4 19. Qc1 Rdc8 20. Qb1 Qxb1
21. Rxb1 Rc2 22. a4 Rxe2 23. Rfd1 h5 24. Rd7 h4 25. Kg2 Rc2 26. Rb7 Rc3 27. b4
Ra3 28. a5 bxa5 29. b5 a4 30. Rxa7 Rxa7 31. Bxa7 Rb3 32. Rxb3 axb3 33. b6 b2 34.
b7 Be5 0-1